[Event "Toronto-ch res"]
[Site "Toronto"]
[Date "2001.01.24"]
[Round "6"]
[White "Shah, Omaray M"]
[Black "Pe, Joe Mari"]
[Result "0-1"]
[WhiteElo "1863"]
[BlackElo "1931"]
[PlyCount "84"]
[EventDate "2001.??.??"]
[EventType "tourn"]
[EventRounds "11"]
[EventCountry "CAN"]
[SourceTitle "EXT 2003"]
[Source "ChessBase"]
[SourceDate "2002.11.25"]
[SourceVersion "1"]
[SourceVersionDate "2002.11.25"]
[SourceQuality "1"]

1. e4 c5 2. Nf3 Nc6 3. d4 cxd4 4. Nxd4 d6 5. Nc3 g6 6. Be3 Bg7 7. Qd2 h5 8. f3 Bd7 9. Bc4 Rc8 10. Bb3 Nf6 11. 0-0-0 Na5 12. Kb1 a6 13. h3 b5 14. g4 Nc4 15. Bxc4 bxc4 16. g5 Nh7 17. f4 Rb8 18. Nce2 Qc8 19. f5 Qb7 20. Qc1 Qxe4 21. Ng3 Qb7 22. fxg6 fxg6 23. Rdf1 h4 24. Nge2 e5 25. Nf3 Bc6 26. Neg1 Rf8 27. b3 Bxf3 28. Nxf3 Rxf3 29. Re1 e4 30. Qa3 Be5 31. Qa5 Rf5 32. Rhf1 cxb3 33. axb3 Qb5 34. Qc7 Rxf1 35. Rxf1 Qxf1+ 36. Bc1 Rb5 37. Qc8+ Kf7 38. Qd7+ Kg8 39. Qe6+ Qf7 40. Qc8+ Nf8 41. Qxa6 Qb7 42. Qa4 d5 0-1